[Event "Offene Thüringer Seniorenmeisterschaft"]
[Site "Apolda"]
[Date "2024.02.18"]
[Round "3.26"]
[White "Schulz, Uwe"]
[Black "Pichl, Michael"]
[Result "1-0"]
[WhiteElo "1867"]
[BlackElo "1796"]
[PlyCount "68"]
[EventDate "2024.??.??"]
[WhiteTeam "SV Schott Jena"]
[BlackTeam "SV Empor Erfurt"]

1. d4 g6 2. c4 Bg7 3. g3 Nf6 4. Bg2 O-O 5. Nf3 d6 6. O-O a6 7. Nc3 Nc6 8. h3
Rb8 9. e3 b5 10. b3 Re8 11. Qe2 b4 12. Nd1 e5 13. Bb2 exd4 14. Nxd4 Nxd4 15.
Bxd4 Nd7 16. Bxg7 Kxg7 17. Nb2 Nc5 18. Nd3 Ne4 19. Qe1 c5 20. a3 a5 21. axb4
axb4 22. Nf4 Bb7 23. Ra7 Qf6 24. Qa1 Bc8 25. Qa4 Qd8 26. Qc6 Nc3 27. Rfa1 Rb6
28. Qc7 Qxc7 29. Rxc7 Bf5 30. Raa7 Rf8 31. g4 Bc8 32. Ra8 Ba6 33. Ne6+ Kf6 34.
Nxf8 Bxc4 1-0

[Event "Offene Thüringer Seniorenmeisterschaft"]
[Site "Apolda"]
[Date "2024.02.18"]
[Round "3.27"]
[White "Schreyer, Klaus"]
[Black "Mankus, Siegfried"]
[Result "1/2-1/2"]
[WhiteElo "1842"]
[BlackElo "1522"]
[PlyCount "60"]
[EventDate "2024.??.??"]
[WhiteTeam "SV 1910 Kahla"]
[BlackTeam "Spvg Zabo-Eintracht Nürnberg e.V"]

1. e4 e6 2. d4 d5 3. exd5 exd5 4. c4 Nf6 5. Nc3 c6 6. Nf3 Bg4 7. cxd5 cxd5 8.
Bb5+ Bd7 9. Qe2+ Qe7 10. Ne5 a6 11. Bxd7+ Nbxd7 12. O-O Nxe5 13. dxe5 Ne4 14.
Nxd5 Qxe5 15. Nc7+ Qxc7 16. Qxe4+ Qe7 17. Re1 Qxe4 18. Rxe4+ Kd7 19. Bf4 b6 20.
b4 a5 21. b5 Bc5 22. Rd1+ Kc8 23. Rc1 Rd8 24. Be3 Ra7 25. Bxc5 bxc5 26. Rxc5+
Rc7 27. Rxc7+ Kxc7 28. g3 Rd2 29. a4 Kd6 30. Rc4 Ra2 1/2-1/2

[Event "Offene Thüringer Seniorenmeisterschaft"]
[Site "Apolda"]
[Date "2024.02.19"]
[Round "4.1"]
[White "Belke, Frank"]
[Black "Zipfel, Frank"]
[Result "1-0"]
[WhiteElo "2144"]
[BlackElo "2146"]
[PlyCount "71"]
[EventDate "2024.??.??"]
[WhiteTeam "SK Hitzing-Wien"]
[BlackTeam "fuß brothers Jena"]

1. d4 g6 2. c4 Nf6 3. Nc3 Bg7 4. e4 d6 5. Nge2 Nbd7 6. h3 e5 7. d5 Nc5 8. Qc2
a5 9. g4 h5 10. g5 Nh7 11. h4 O-O 12. Be3 Bd7 13. O-O-O a4 14. Bh3 f5 15. exf5
gxf5 16. Bxc5 dxc5 17. Ng3 e4 18. Nxh5 Be5 19. Ne2 b5 20. Nhf4 Qe8 21. h5 a3
22. b3 bxc4 23. Qxc4 Bb5 24. Qc2 c4 25. d6 Qf7 26. g6 Qf6 27. gxh7+ Kxh7 28.
Ng6 Bb2+ 29. Kb1 Rfb8 30. Nc1 cxd6 31. Nh4 Bxc1 32. Bxf5+ Kg8 33. Kxc1 Qa1+ 34.
Kd2 Qd4+ 35. Ke1 cxb3 36. Qxb3+ 1-0

[Event "Offene Thüringer Seniorenmeisterschaft"]
[Site "Apolda"]
[Date "2024.02.19"]
[Round "4.2"]
[White "Brüggemann, Joachim"]
[Black "Berghof, Axel"]
[Result "1-0"]
[WhiteElo "2277"]
[BlackElo "2078"]
[PlyCount "61"]
[EventDate "2024.??.??"]
[WhiteTeam "Erfurter SK"]
[BlackTeam "SC Suhl"]

1. e4 e5 2. Nf3 Nc6 3. Bb5 a6 4. Ba4 Nf6 5. O-O b5 6. Bb3 Be7 7. Re1 O-O 8. d4
Nxd4 9. Bxf7+ Rxf7 10. Nxe5 Nc6 11. Nxf7 Kxf7 12. e5 Nxe5 13. Rxe5 d6 14. Re1
Bb7 15. a4 b4 16. c3 d5 17. cxb4 Bxb4 18. Bd2 Bd6 19. Nc3 h6 20. Qe2 Qd7 21.
Qd3 c5 22. Ne2 Qc7 23. Ng3 Be5 24. Ba5 Qd6 25. Nf5 Qb8 26. g3 Bc8 27. Qe2 Ne4
28. Ne3 Qxb2 29. Qf3+ Nf6 30. Rab1 Qa3 31. Nc4 1-0

[Event "Offene Thüringer Seniorenmeisterschaft"]
[Site "Apolda"]
[Date "2024.02.19"]
[Round "4.4"]
[White "Cap, Piotr"]
[Black "Krüger, Erich"]
[Result "1-0"]
[WhiteElo "2105"]
[BlackElo "2137"]
[PlyCount "53"]
[EventDate "2024.??.??"]
[WhiteTeam "RPW Okucia Budowlane Lodz"]
[BlackTeam "SF Essen-Katernberg 04/32 e.V."]

1. d4 Nf6 2. Bg5 c5 3. d5 Qb6 4. Nc3 Qxb2 5. Bd2 Qb6 6. e4 d6 7. f4 e6 8. Rb1
Qc7 9. Bb5+ Bd7 10. Nf3 a6 11. Bxd7+ Qxd7 12. O-O exd5 13. e5 dxe5 14. fxe5 Ng4
15. Ng5 Nxe5 16. Qh5 Nbc6 17. Nxf7 Nxf7 18. Rbe1+ Ne7 19. Rxf7 O-O-O 20. Bg5
Re8 21. Bh4 d4 22. Nd5 Nxd5 23. Rxd7 Rxe1+ 24. Bxe1 Nf6 25. Qf7 Nxd7 26. Qe8+
Kc7 27. Bg3+ 1-0

[Event "Offene Thüringer Seniorenmeisterschaft"]
[Site "Apolda"]
[Date "2024.02.19"]
[Round "4.5"]
[White "Richter, Rainer"]
[Black "Brandes, Stephan"]
[Result "1/2-1/2"]
[WhiteElo "1945"]
[BlackElo "2128"]
[PlyCount "87"]
[EventDate "2024.??.??"]
[WhiteTeam "SK Germania Kupferdreh 1924 e.V."]
[BlackTeam "Hildesheimer SV"]

1. d4 d6 2. Nf3 Nd7 3. Bf4 g6 4. c3 Bg7 5. e4 Ngf6 6. Bd3 O-O 7. O-O Nh5 8. Bg3
Nxg3 9. hxg3 c5 10. Nbd2 a6 11. a4 b6 12. Re1 Nb8 13. dxc5 dxc5 14. Nc4 Nc6 15.
Qe2 Bb7 16. Ne3 e6 17. Red1 Qc7 18. Bc2 Rfd8 19. Rxd8+ Rxd8 20. Rd1 Rxd1+ 21.
Bxd1 Qd7 22. Bc2 Ne5 23. Nxe5 Bxe5 24. f4 Bg7 25. Qd3 Bc6 26. Qxd7 Bxd7 27. Kf2
b5 28. axb5 axb5 29. e5 Bc6 30. c4 f6 31. cxb5 Bxb5 32. Ng4 fxe5 33. Nxe5 Bxe5
34. fxe5 Bc6 35. Bd1 Kf7 36. Bf3 Bd5 37. Ke3 g5 38. g4 Ke7 39. Be4 h6 40. g3
Bxe4 41. Kxe4 Kd7 42. Kd3 Kc6 43. Kc4 Kb6 44. b4 1/2-1/2

[Event "Offene Thüringer Seniorenmeisterschaft"]
[Site "Apolda"]
[Date "2024.02.19"]
[Round "4.6"]
[White "Heller, Achim"]
[Black "Welke, Klaus"]
[Result "0-1"]
[WhiteElo "2037"]
[BlackElo "2140"]
[Annotator "Ruether,Rudolf"]
[PlyCount "46"]
[EventDate "2024.??.??"]
[WhiteTeam "SG Ennepe-Ruhr-Süd e.V."]
[BlackTeam "SF Nordost Berlin"]

1. d4 Nf6 2. Nf3 d5 3. c4 e6 4. e3 c5 5. cxd5 Nxd5 6. e4 Nf6 7. Nc3 cxd4 8.
Nxd4 a6 9. Be3 Be7 10. Be2 O-O 11. O-O b5 12. e5 Nd5 13. Nxd5 exd5 14. Bd3 Bb7
15. f4 Nd7 16. Bxh7+ Kxh7 17. Qh5+ Kg8 18. Rf3 g6 19. Qh6 Re8 20. Rh3 Bf6 21.
exf6 Qxf6 22. Nf5 Rxe3 23. Qh8+ (23. Qh7+ Kf8 24. Qh8+ Qxh8 25. Rxh8#) 23...
Qxh8 0-1

[Event "Offene Thüringer Seniorenmeisterschaft"]
[Site "Apolda"]
[Date "2024.02.19"]
[Round "4.7"]
[White "Feld-Gerdes, Wolfgang"]
[Black "Sielicki, Tomasz"]
[Result "0-1"]
[WhiteElo "2097"]
[BlackElo "1975"]
[PlyCount "118"]
[EventDate "2024.??.??"]
[WhiteTeam "SC Suhl"]
[BlackTeam "Trojan Horse Warsaw"]

1. e4 e5 2. Nc3 Nf6 3. Bc4 Nc6 4. d3 Na5 5. Nf3 Nxc4 6. dxc4 Bb4 7. Qd3 d6 8.
Bd2 Be6 9. Nd5 Bxd2+ 10. Nxd2 O-O 11. Qf3 Nd7 12. g4 a5 13. Ne3 g6 14. h4 Qf6
15. Qg2 Nc5 16. Rh3 c6 17. O-O-O Rad8 18. Rf3 Qe7 19. g5 f5 20. gxf6 Rxf6 21.
Rg3 Qf7 22. f3 Bc8 23. h5 Ne6 24. hxg6 Rxg6 25. Nf5 Kh8 26. Rxg6 Qxg6 27. Qh2
Nf4 28. Qh4 Re8 29. Ne3 Ne6 30. Nf5 Nf4 31. Nf1 Bxf5 32. exf5 Qxf5 33. Rxd6
Ne2+ 34. Kb1 Nd4 35. Qf6+ Qxf6 36. Rxf6 Kg7 37. Rd6 Re7 38. Ng3 Rf7 39. Nh5+
Kf8 40. c3 Ke7 41. c5 Nxf3 42. Kc2 Ng5 43. b4 axb4 44. cxb4 Ne6 45. Rd2 Nd4+
46. Kb2 Ke6 47. Ng3 Kd5 48. a3 Rf3 49. Nh5 e4 50. Rg2 e3 51. Ng3 Rf2+ 52. Rxf2
exf2 53. Kc1 h5 54. Nf1 h4 55. Kb2 h3 56. Kc3 Nf3 57. Ne3+ Ke4 58. Nf1 h2 59.
a4 Kf4 0-1

[Event "Offene Thüringer Seniorenmeisterschaft"]
[Site "Apolda"]
[Date "2024.02.19"]
[Round "4.8"]
[White "Paus, Franz"]
[Black "Schott, Guido"]
[Result "0-1"]
[WhiteElo "1958"]
[BlackElo "2047"]
[Annotator "Ruether,Rudolf"]
[PlyCount "67"]
[EventDate "2024.??.??"]
[WhiteTeam "Schachfüchse Kempen 1986 e.V."]
[BlackTeam "SV Hennef 1927 e.V."]

1. d4 f5 2. Bg5 g6 3. g3 Bg7 4. Bg2 c5 5. Nf3 Qb6 6. O-O cxd4 7. Nbd2 Nc6 8.
Nc4 Qc5 9. b3 Nf6 10. Ne1 Ne4 11. Nd3 Qd5 12. Bc1 Qf7 13. Bb2 O-O 14. Re1 d5
15. Na3 a6 16. e3 dxe3 17. Rxe3 e5 18. Re1 f4 19. gxf4 exf4 20. Bxg7 Kxg7 21.
Bxe4 dxe4 22. Rxe4 Qf6 23. Nxf4 Qg5+ 24. Ng2 Bh3 25. Qf1 Rae8 26. Rae1 Rxe4 27.
Rxe4 Bxg2 28. Qxg2 Qc1+ 29. Qf1 Qxa3 30. Qd1 Qc5 31. Qd2 Qf5 32. Qe2 Rf7 33. c4
Qf6 34. Qd2 {Zeitüberschreitung} 0-1

[Event "Offene Thüringer Seniorenmeisterschaft"]
[Site "Apolda"]
[Date "2024.02.19"]
[Round "4.10"]
[White "Wünsch, Ulrich"]
[Black "Sauer, Marko"]
[Result "0-1"]
[WhiteElo "1936"]
[BlackElo "2044"]
[PlyCount "75"]
[EventDate "2024.??.??"]
[WhiteTeam "USG Chemnitz"]
[BlackTeam "SG Arnstadt-Stadtilm"]

1. d4 d5 2. Nc3 Bf5 3. Bf4 c6 4. e3 Nf6 5. f3 h6 6. g4 Bg6 7. h4 e6 8. Bd3 Bxd3
9. Qxd3 Bd6 10. Nge2 Bxf4 11. Nxf4 Nbd7 12. O-O-O e5 13. dxe5 Nxe5 14. Qe2 Qc7
15. g5 Nfd7 16. g6 Nf6 17. gxf7+ Qxf7 18. Kb1 O-O-O 19. Qh2 Rhe8 20. b3 g5 21.
Qh3+ Qd7 22. hxg5 hxg5 23. Nfe2 Qxh3 24. Rxh3 g4 25. fxg4 Nexg4 26. Rf1 Ne4 27.
Nxe4 Rxe4 28. Rh7 Rd7 29. Rh8+ Kc7 30. Nc3 Rxe3 31. Na4 b6 32. Kb2 d4 33. Ka3
Re2 34. Rf4 Ne3 35. c4 Nc2+ 36. Kb2 Nb4+ 37. Kb1 Re1+ 38. Kb2 0-1

[Event "Offene Thüringer Seniorenmeisterschaft"]
[Site "Apolda"]
[Date "2024.02.19"]
[Round "4.11"]
[White "Brömel, Richard"]
[Black "Czyz, Andrzej"]
[Result "1/2-1/2"]
[WhiteElo "2148"]
[BlackElo "1803"]
[PlyCount "59"]
[EventDate "2024.??.??"]
[WhiteTeam "SV Schott Jena"]
[BlackTeam "Hetman Wschowa"]

1. d4 Nf6 2. c4 e6 3. Nc3 d5 4. Nf3 Bb4 5. Bd2 O-O 6. e3 c6 7. a3 Bd6 8. c5 Bc7
9. Qc2 Nbd7 10. h3 e5 11. Be2 e4 12. Nh2 Bxh2 13. Rxh2 b6 14. Na4 b5 15. Nc3 a5
16. Na2 Re8 17. b4 a4 18. Nc3 Qc7 19. Rh1 Rb8 20. O-O-O Nf8 21. g4 h6 22. Rdg1
g5 23. h4 Ng6 24. hxg5 hxg5 25. Qd1 Kg7 26. Qf1 Bd7 27. Rg3 Rh8 28. Rhg1 Rbe8
29. f4 Rh2 30. Bd1 1/2-1/2

[Event "Offene Thüringer Seniorenmeisterschaft"]
[Site "Apolda"]
[Date "2024.02.19"]
[Round "4.12"]
[White "Kahn, Peter"]
[Black "Von Otte, Wilhelm"]
[Result "1-0"]
[WhiteElo "1935"]
[BlackElo "2103"]
[PlyCount "119"]
[EventDate "2024.??.??"]
[WhiteTeam "Siebenlehner SV"]
[BlackTeam "TSG Ruhla"]

1. d4 d5 2. Nf3 c6 3. Bf4 Nf6 4. e3 Qb6 5. Qc1 Bg4 6. Ne5 Nbd7 7. Nxg4 Nxg4 8.
Bd3 e5 9. dxe5 Ngxe5 10. Be2 Ng6 11. Bg3 Be7 12. Nd2 Nf6 13. c3 h5 14. h3 h4
15. Bh2 O-O 16. Qc2 c5 17. O-O Rac8 18. b3 Rfe8 19. Bf3 Bd6 20. Bxd6 Qxd6 21.
c4 Ne5 22. Rfd1 Qe6 23. Bxd5 Nxd5 24. cxd5 Qxd5 25. Nc4 Nf3+ 26. gxf3 Qxf3 27.
Nd6 Re6 28. Qf5 Qxf5 29. Nxf5 b5 30. Rd7 Kf8 31. Rad1 g6 32. Rd8+ Rxd8 33.
Rxd8+ Re8 34. Rxe8+ Kxe8 35. Nd6+ Kd7 36. Nxb5 a6 37. Nc3 Kc6 38. Kg2 f5 39.
Kf3 a5 40. Kf4 c4 41. bxc4 Kc5 42. Kg5 Kxc4 43. Nb1 Kd3 44. Kxg6 Kc2 45. Na3+
Kc3 46. Kxf5 a4 47. e4 Kb2 48. e5 Kxa3 49. e6 Kxa2 50. e7 a3 51. e8=Q Kb2 52.
f4 a2 53. Qe2+ Kb1 54. Kg4 a1=Q 55. Qd1+ Kb2 56. Qxa1+ Kxa1 57. f5 Kb2 58. f6
Kc3 59. f7 Kd4 60. f8=Q 1-0

[Event "Offene Thüringer Seniorenmeisterschaft"]
[Site "Apolda"]
[Date "2024.02.19"]
[Round "4.13"]
[White "Mitschka, Manfred"]
[Black "Einax, Claus-Dieter"]
[Result "0-1"]
[WhiteElo "1740"]
[BlackElo "2056"]
[PlyCount "74"]
[EventDate "2024.??.??"]
[WhiteTeam "SK Neuburg"]
[BlackTeam "TSG Apolda"]

1. d4 d5 2. Nf3 Nf6 3. c4 dxc4 4. e3 c5 5. Bxc4 e6 6. O-O a6 7. a4 Nc6 8. Qb3
Na5 9. Qc2 Nxc4 10. Qxc4 cxd4 11. Rd1 Qd5 12. Qe2 Bc5 13. Nc3 Qh5 14. exd4 Bd6
15. Ne4 Nxe4 16. Qxe4 O-O 17. Bf4 Rd8 18. Rac1 Bxf4 19. Qxf4 Bd7 20. Ne5 f6 21.
Nxd7 Rxd7 22. Rd2 Qa5 23. Qe3 Re8 24. Qc3 Qxa4 25. b3 Qb5 26. Qe3 Qb6 27. Rc5
Kf7 28. f4 Red8 29. Rdc2 Rxd4 30. Rc7+ Kf8 31. R7c5 Qd6 32. Rc8 Ke7 33. R8c7+
Rd7 34. Rxd7+ Kxd7 35. g3 Rd1+ 36. Kg2 Qd5+ 37. Kh3 Qf5+ 0-1

[Event "Offene Thüringer Seniorenmeisterschaft"]
[Site "Apolda"]
[Date "2024.02.19"]
[Round "4.14"]
[White "Schrems, Hermann"]
[Black "Gast, Rainer"]
[Result "1-0"]
[WhiteElo "2040"]
[BlackElo "1929"]
[PlyCount "69"]
[EventDate "2024.??.??"]
[WhiteTeam "SC Emmendingen 1937 e.V."]
[BlackTeam "SV Breitenworbis"]

1. d4 Nf6 2. Nf3 e6 3. g3 d5 4. Bg2 Be7 5. O-O O-O 6. c4 c6 7. Qc2 Nbd7 8. Nbd2
Re8 9. e4 dxe4 10. Nxe4 Nxe4 11. Qxe4 Nf6 12. Qe2 Qb6 13. Rd1 Bd7 14. Ne5 Rad8
15. Bg5 Bc8 16. c5 Qc7 17. Nc4 Nd5 18. Bxe7 Rxe7 19. Rac1 Nf6 20. b4 a6 21. Qe5
Red7 22. Bf3 Re7 23. Kf1 Rdd7 24. a3 Qd8 25. Nb6 Rc7 26. Qd6 Qf8 27. h4 Ne8 28.
Qf4 Nf6 29. Re1 Qd8 30. Qd6 Qf8 31. Re2 Ne8 32. Qf4 Nf6 33. g4 Qd8 34. Qd6 Nd7
35. Na8 1-0

[Event "Offene Thüringer Seniorenmeisterschaft"]
[Site "Apolda"]
[Date "2024.02.19"]
[Round "4.15"]
[White "Rost, Detlef"]
[Black "Witte, Ronald"]
[Result "1/2-1/2"]
[WhiteElo "1894"]
[BlackElo "1994"]
[PlyCount "49"]
[EventDate "2024.??.??"]
[WhiteTeam "SV Medizin Erfurt"]
[BlackTeam "BSV 63 Chemie Weißensee"]

1. d4 d5 2. c4 e6 3. Nf3 Be7 4. Nc3 Nf6 5. Bg5 h6 6. Bh4 O-O 7. e3 b6 8. Qc2
Bb7 9. cxd5 Nxd5 10. Bxe7 Qxe7 11. Nxd5 Bxd5 12. e4 Bb7 13. Bd3 c5 14. dxc5 Rc8
15. Qb3 Rxc5 16. Qa3 Qc7 17. O-O Nd7 18. Rad1 Nf6 19. Rfe1 Rd8 20. Qb3 e5 21.
Nd2 Bc8 22. Bb1 Bg4 23. f3 Be6 24. Qe3 Qe7 25. Nf1 1/2-1/2

[Event "Offene Thüringer Seniorenmeisterschaft"]
[Site "Apolda"]
[Date "2024.02.19"]
[Round "4.16"]
[White "Waltenberger, Udo"]
[Black "Guder, Sibylle"]
[Result "1-0"]
[WhiteElo "1987"]
[BlackElo "1815"]
[PlyCount "49"]
[EventDate "2024.??.??"]
[WhiteTeam "SV Eiche Reichenbrand"]
[BlackTeam "SF Berlin 1903 e.V."]

1. Nf3 d6 2. d4 g6 3. g3 Bg7 4. c4 Nd7 5. Nc3 e5 6. e4 exd4 7. Nxd4 Ne7 8. h3
Nc6 9. Be3 O-O 10. Bg2 Nxd4 11. Bxd4 Ne5 12. O-O Be6 13. b3 Qd7 14. f4 Nc6 15.
Bxg7 Kxg7 16. g4 f5 17. exf5 gxf5 18. g5 Rae8 19. Qh5 Nd8 20. Rae1 c6 21. Re3
Bf7 22. Qh6+ Kh8 23. Rfe1 Bg6 24. Re7 Nf7 25. Qxf8+ 1-0

[Event "Offene Thüringer Seniorenmeisterschaft"]
[Site "Apolda"]
[Date "2024.02.19"]
[Round "4.17"]
[White "Flis, Pawel"]
[Black "Klein, Gernot"]
[Result "1-0"]
[WhiteElo "1932"]
[BlackElo "1680"]
[Annotator "Ruether,Rudolf"]
[PlyCount "89"]
[EventDate "2024.??.??"]
[WhiteTeam "RPW Okucia Budowlane Lodz"]
[BlackTeam "Post-Telekom SV 1925 Aachen e.V."]

1. e4 c5 2. Nf3 e6 3. d4 cxd4 4. Nxd4 a6 5. Bd3 Bc5 6. Nb3 Be7 7. Qg4 g6 8. Qe2
d6 9. O-O Nd7 10. a4 b6 11. c4 Bb7 12. Nc3 Ne5 13. a5 Nf6 14. axb6 Qxb6 15. Na5
Nxd3 16. Qxd3 O-O 17. Be3 Qc7 18. h3 Nd7 19. Rfd1 Ne5 20. Qe2 Bc8 21. f4 Nd7
22. Rf1 Nf6 23. Bd4 e5 24. fxe5 dxe5 25. Be3 Be6 26. Kh2 Nh5 27. Nd5 Bxd5 28.
cxd5 Bh4 29. Bf2 Bxf2 30. Rxf2 f5 31. Nc6 a5 32. Qc4 Kh8 33. Qc3 Nf6 34. Qxe5
Qxe5+ 35. Nxe5 Nxe4 36. Rc2 Rfe8 37. Nc6 Rec8 38. Rc4 Kg7 39. Rca4 Nf6 40. Rxa5
Rxa5 41. Rxa5 Nxd5 42. Ne5 Ne7 43. Rb5 Kf6 44. b4 Ke6 45. Nf3 {Rest
unleserlich, 1-0 nach 112 Zügen} 1-0

[Event "Offene Thüringer Seniorenmeisterschaft"]
[Site "Apolda"]
[Date "2024.02.19"]
[Round "4.18"]
[White "Haubt, Georg"]
[Black "Lein, Andreas"]
[Result "1-0"]
[WhiteElo "2051"]
[BlackElo "1709"]
[PlyCount "119"]
[EventDate "2024.??.??"]
[WhiteTeam "SV Oberursel"]
[BlackTeam "Erfurter SK"]

1. Nf3 d5 2. d4 Bf5 3. Bf4 Nc6 4. e3 a6 5. Bd3 Bxd3 6. Qxd3 Nf6 7. Nbd2 e6 8.
O-O Bd6 9. Ne5 Nh5 10. Nxc6 bxc6 11. Be5 Nf6 12. f4 O-O 13. c4 Ng4 14. e4 Bxe5
15. fxe5 f6 16. h3 Nh6 17. Nf3 f5 18. exd5 cxd5 19. Rac1 c6 20. Qa3 Nf7 21.
cxd5 cxd5 22. Rc6 Qd7 23. Rxa6 Rxa6 24. Qxa6 Rc8 25. b4 h6 26. Rb1 Ng5 27. Nxg5
hxg5 28. b5 g4 29. hxg4 fxg4 30. b6 Qc6 31. Qd3 Rb8 32. Qb3 g3 33. a4 Rc8 34.
Rd1 Qe8 35. b7 Rb8 36. Rb1 Qh5 37. Qxg3 Qf5 38. Qb3 Qe4 39. Rd1 Qe2 40. Qd3
Qxd3 41. Rxd3 Rxb7 42. Ra3 g5 43. a5 Kf7 44. Kf2 Kg6 45. a6 Ra7 46. Ke3 Kf7 47.
Kd3 Ke7 48. Kc3 Kd7 49. Kb4 Kc6 50. Ka5 Kc7 51. Kb5 Kb8 52. Kc6 Rc7+ 53. Kd6
Rc4 54. Kxe6 Rxd4 55. Kd7 Rc4 56. e6 Rc7+ 57. Kd6 Rc8 58. e7 d4 59. a7+ Ka8 60.
Kd7 1-0

[Event "Offene Thüringer Seniorenmeisterschaft"]
[Site "Apolda"]
[Date "2024.02.19"]
[Round "4.19"]
[White "Lehmann, Joachim"]
[Black "Langner, Hans-Rainer"]
[Result "1-0"]
[WhiteElo "1886"]
[BlackElo "1583"]
[PlyCount "131"]
[EventDate "2024.??.??"]
[WhiteTeam "Ilmenauer SV"]
[BlackTeam "Tempelhofer SV Mariendorf 1897"]

1. d4 d5 2. Nc3 Bf5 3. Bf4 c6 4. Qd2 Nf6 5. f3 h6 6. g4 Bh7 7. e3 e6 8. h4 Bd6
9. Nh3 Bxf4 10. Nxf4 g5 11. hxg5 hxg5 12. Nh5 Kf8 13. e4 Nxh5 14. Rxh5 Nd7 15.
e5 Kg8 16. Qh2 Kg7 17. O-O-O Bg6 18. Rh3 Rxh3 19. Qxh3 Qh8 20. Ne2 Qxh3 21.
Bxh3 b6 22. c3 c5 23. Kd2 c4 24. Bg2 Rh8 25. Rh1 Rxh1 26. Bxh1 f6 27. exf6+
Kxf6 28. Ke3 b5 29. Bg2 a5 30. Bf1 Bd3 31. Ng3 Bb1 32. a3 Nb6 33. Kd2 a4 34.
Ke3 Bg6 35. f4 gxf4+ 36. Kxf4 Nd7 37. g5+ Kf7 38. Be2 Bd3 39. Bg4 Nf8 40. Bh5+
Bg6 41. Be2 Bd3 42. Bh5+ Bg6 43. Bg4 Nd7 44. Nf1 Ke7 45. Ne3 Kf7 46. Nxd5 Bc2
47. Nc7 Nf8 48. Bh5+ Ke7 49. Na6 Kd6 50. Nc5 e5+ 51. Ke3 exd4+ 52. Kxd4 Ne6+
53. Nxe6 Kxe6 54. Be8 Kf5 55. Bxb5 Bb3 56. Bxc4 Bc2 57. Bd3+ Kxg5 58. Bxc2 Kf6
59. Bxa4 Ke6 60. Kc5 Ke7 61. Kb6 Kd8 62. Kb7 Ke7 63. c4 Kd6 64. b4 Ke7 65. c5
Kd8 66. c6 1-0

[Event "Offene Thüringer Seniorenmeisterschaft"]
[Site "Apolda"]
[Date "2024.02.19"]
[Round "4.20"]
[White "Auerswald, Klaus"]
[Black "Schulz, Uwe"]
[Result "1/2-1/2"]
[WhiteElo "1669"]
[BlackElo "1867"]
[PlyCount "41"]
[EventDate "2024.??.??"]
[WhiteTeam "SV Jenapharm Jena"]
[BlackTeam "SV Schott Jena"]

1. e4 c5 2. Nc3 g6 3. Nf3 Bg7 4. d4 cxd4 5. Nxd4 Nc6 6. Be3 d6 7. Qd2 Bd7 8.
O-O-O Nf6 9. f3 O-O 10. h4 h5 11. Nxc6 Bxc6 12. Bh6 Qa5 13. Bxg7 Kxg7 14. Bc4
Qc5 15. Bb3 Nd7 16. Rhe1 Rac8 17. Nd5 Rfe8 18. f4 Bxd5 19. Qxd5 Qxd5 20. Bxd5
Rc7 21. f5 1/2-1/2

[Event "Offene Thüringer Seniorenmeisterschaft"]
[Site "Apolda"]
[Date "2024.02.19"]
[Round "4.21"]
[White "Schmieder, Siegfried"]
[Black "Stetefeldt, Mario"]
[Result "0-1"]
[WhiteElo "1857"]
[BlackElo "1550"]
[PlyCount "36"]
[EventDate "2024.??.??"]
[WhiteTeam "SG Schwäbisch Gmünd 1872 e.V"]
[BlackTeam "SC 1998 Gotha"]

1. e4 c5 2. Nc3 Nc6 3. Bb5 g6 4. Bxc6 bxc6 5. f4 Bg7 6. Nf3 e6 7. O-O Ne7 8. d3
d5 9. Qe1 Ba6 10. Na4 c4 11. Nc5 cxd3 12. Be3 d2 13. Qxd2 Bxf1 14. Rxf1 dxe4
15. Nxe4 Qxd2 16. Bxd2 Rd8 17. Bb4 Nc8 18. Ne5 Rd4 0-1

[Event "Offene Thüringer Seniorenmeisterschaft"]
[Site "Apolda"]
[Date "2024.02.19"]
[Round "4.23"]
[White "Reimers, Christine"]
[Black "Dötzel, Hartwig"]
[Result "1/2-1/2"]
[WhiteElo "1605"]
[BlackElo "1794"]
[PlyCount "29"]
[EventDate "2024.??.??"]
[WhiteTeam "Itzehoer SV von 1923"]
[BlackTeam "USV TU Dresden"]

1. f4 d5 2. Nf3 c5 3. c3 Nc6 4. g3 Nf6 5. Bg2 Qc7 6. d3 e6 7. Qc2 Bd6 8. e4
dxe4 9. dxe4 e5 10. f5 a6 11. a4 b6 12. Na3 Bb7 13. Nc4 Be7 14. O-O Rd8 15. h3
1/2-1/2

[Event "Offene Thüringer Seniorenmeisterschaft"]
[Site "Apolda"]
[Date "2024.02.19"]
[Round "4.24"]
[White "Stern, Geoffrey"]
[Black "Schreyer, Klaus"]
[Result "1/2-1/2"]
[WhiteElo "1967"]
[BlackElo "1842"]
[PlyCount "58"]
[EventDate "2024.??.??"]
[WhiteTeam "Gambit Bonnevoie"]
[BlackTeam "SV 1910 Kahla"]

1. d4 Nf6 2. Nc3 d5 3. Bf4 c6 4. e3 Bf5 5. f3 e6 6. g4 Nxg4 7. fxg4 Qh4+ 8. Bg3
Qxg4 9. Qxg4 Bxg4 10. Bh3 Bh5 11. Nge2 Bb4 12. O-O Nd7 13. a3 Be7 14. Nf4 Bg6
15. Nxg6 hxg6 16. Bg2 g5 17. e4 dxe4 18. Nxe4 f5 19. Nd6+ Bxd6 20. Bxd6 Kf7 21.
c4 f4 22. Rad1 Nf6 23. h3 Rad8 24. Bb4 Rd7 25. Rd2 Rhd8 26. Rff2 Rxd4 27. Rxd4
Rxd4 28. Rc2 Ne4 29. Rc1 Ng3 1/2-1/2

[Event "Offene Thüringer Seniorenmeisterschaft"]
[Site "Apolda"]
[Date "2024.02.19"]
[Round "4.25"]
[White "Richter, Jürgen"]
[Black "Schmidt, Matthias"]
[Result "0-1"]
[WhiteElo "1748"]
[BlackElo "1888"]
[PlyCount "60"]
[EventDate "2024.??.??"]
[WhiteTeam "SK Germania Kupferdreh 1924 e.V."]
[BlackTeam "SC Wolfratshausen 1948 e.V."]

1. Nf3 d5 2. e3 Nf6 3. c4 e6 4. Nc3 c5 5. d4 Nc6 6. cxd5 exd5 7. dxc5 Bxc5 8.
Bd3 O-O 9. O-O Re8 10. Qa4 a6 11. Qh4 h6 12. e4 dxe4 13. Bxh6 gxh6 14. Qxh6 Ng4
15. Qh5 exd3 16. h3 Re5 17. Nxe5 Ngxe5 18. Ne4 Be7 19. Rfe1 Ng6 20. Re3 Kg7 21.
Ng3 Bg5 22. Rxd3 Qxd3 23. Qxg5 Qb5 24. Nh5+ Kf8 25. Qh6+ Ke7 26. Re1+ Be6 27.
Nf4 Nxf4 28. Qxf4 Rd8 29. b3 Qb4 30. Qg5+ Kd7 0-1

[Event "Offene Thüringer Seniorenmeisterschaft"]
[Site "Apolda"]
[Date "2024.02.19"]
[Round "4.26"]
[White "Lindner, Helmut"]
[Black "Schmid, Walter"]
[Result "0-1"]
[WhiteElo "1804"]
[BlackElo "1730"]
[PlyCount "106"]
[EventDate "2024.??.??"]
[WhiteTeam "SC Prichsenstadt"]
[BlackTeam "TSG Apolda"]

1. e4 d5 2. exd5 Nf6 3. d4 Qxd5 4. c4 Qd8 5. h3 Bf5 6. Nf3 e6 7. Be2 Bb4+ 8.
Bd2 Bxd2+ 9. Nbxd2 O-O 10. O-O Nc6 11. Nb3 h6 12. Bd3 Bxd3 13. Qxd3 Qd6 14. a3
a5 15. Rac1 Rfd8 16. Rfd1 Ra7 17. Qe3 Raa8 18. Rd2 b6 19. Rcd1 a4 20. Nc1 Na5
21. Rc2 c5 22. Rdd2 Qc7 23. Ne2 Nb3 24. Rd3 Re8 25. Nc1 Nxc1 26. Rxc1 Rad8 27.
Rcd1 cxd4 28. Rxd4 Rc8 29. Qd3 Qc5 30. Qc2 b5 31. Rc1 e5 32. Rd2 Qxc4 33. Qxc4
bxc4 34. Rdc2 e4 35. Nd2 e3 36. fxe3 Rxe3 37. Nxc4 Rb3 38. Nd6 Rxc2 39. Rxc2 g5
40. Rc4 Rxb2 41. Rxa4 Nh5 42. Rb4 Ra2 43. Nc4 Nf4 44. Rb2 Ra1+ 45. Kh2 Kg7 46.
g3 Ne6 47. Kg2 Nd4 48. Rd2 Nb5 49. Rd3 f6 50. g4 Kg6 51. Kf3 Nc7 52. Nb6 Ne6
53. Rb3 Nd4+ 0-1